Представление документа в формате MARC21

Поле Инд. ПП Название Значение
Тип записи a
Библиографический уровень b
001 Контрольный номер RU/IS/BASE/161186885
005 Дата корректировки 20200522190858.9
008 Кодируемые данные 20050208
084 a Индекс другой классификации/Индекс ББК 60.541.1
a Индекс другой классификации/Индекс ББК 60.524.41
a Индекс другой классификации/Индекс ББК 60.523
100 1_ a Автор Гринин Л. Е.
q Полное имя Гринин Леонид Ефимович
245 _1 a Заглавие "Люди известности" - новый социальный слой?
504 a Библиография Библиогр.: 46 назв.
520 a Аннотация Предметом статьи является исследование влияния фактора личной известности на социальную структуру современного общества, определяет автор. Личная известность, по его мнению, "это информация о человеке, которая выделяет его в каких-то смыслах из общего ряда людей, обладающих аналогичными профессиональными качествами". Феномен личной известности рассматривается как социальный капитал, поднимаются теоретические проблемы его анализа, прослеживается, как формируется слой "людей известности". Даются некоторые характеристики новой элиты с точки зрения морали, рассматривается влияние новой элиты на структуру общества
650 a Основная рубрика социология
a Основная рубрика социология групп
653 a Ключевые слова личная известность
a Ключевые слова неравенство
a Ключевые слова социальная элита
a Ключевые слова социальное неравенство
a Ключевые слова социальные слои
a Ключевые слова элита
773 t Заглавие источника Социологические исследования
d Дата издания источника 2004
g Прочая информация № 12. - С. 46 - 54
w Контрольный № источника RU/IS/BASE/157478772
901 t Тип документа b